Rock/Metal Guitarist to Band - Statistics

General Stats
  • This quiz has been taken 109 times
  • The average score is 5 of 15
Answer Stats
Guitarist Band(s) % Correct
Tony Iommi Black Sabbath, Heaven & Hell, Jethro Tull, Mythology
80%
Tom Morello Rage Against the Machine, Audioslave, Prophets of Rage, Lock Up, The Nightwatchman, Bruce Springsteen and the E Street Band, Street Sweeper Social Club, Axis of Justice, Class of '99
62%
Mike Shinoda Linkin Park, Fort Minor
47%
Jerry Cantrell Alice in Chains, Diamond Lie, Gypsy Rose
36%
Alex Lifeson Rush, Big Dirty Band, Victor
36%
Dave Navarro Jane's Addiction, Red Hot Chili Peppers, Deconstruction, The Panic Channel, Camp Freddy
30%
Brian Welch Korn, Love and Death
29%
Mike McCready Pearl Jam, Temple of the Dog, Mad Season, The Rockfords, Shadow '86, Flight to Mars, Walking Papers, Levee Walkers
23%
Richard Z. Kruspe Rammstein, Emigrate, Das Elegante Chaos, First Arsch, Orgasm Death Gimmick
22%
Peter Buck R.E.M., Hindu Love Gods, Tuatara, The Baseball Project, Tired Pony, Filthy Friends
18%
Adam Jones Tool, Electric Sheep
17%
Robert Fripp King Crimson, Giles, Giles and Fripp, Fripp & Eno, The League of Gentlemen
16%
Mark Tremonti Alter Bridge, Tremonti, Creed
15%
Joe Satriani Alice Cooper, Deep Purple, Chickenfoot, The Greg Kihn Band
13%
Larry LaLonde Primus, No Forcefield, Possessed, Blind Illusion, Serj Tankian and the F.C.C., Corrupted Morals
10%
No matching quizzes found
Score Distribution
Percent of People with Each Score
Percentile by Number Answered
Your Score History
You have not taken this quiz